Raptors - Sudden Death - Statistics

General Stats
  • This quiz has been taken 231 times
  • The average score is 6 of 16
Answers on the Grid
Answers color-coded by a green-red scale on the quiz's grid according to % correct below.
Alpine swift
Andean condor
Anhinga
Arctic tern
Bald eagle
Caracara
Cassowary
Common buzzard
Emperor penguin
Emu
Eurasian goshawk
Golden eagle
Griffon vulture
Hen harrier
Hobby
Kestrel
Kingfisher
Kittiwake
Kiwi
Lesser flamingo
Merlin
Moorhen
Osprey
Peregrine falcon
Red kite
Sacred ibis
Secretary bird
Skylark
Snipe
Tawny owl
Wandering albatross
Waxwing
 
Answer Stats
Answer % Correct
Golden eagle
63%
Peregrine falcon
61%
Bald eagle
60%
Osprey
53%
Andean condor
52%
Griffon vulture
47%
Eurasian goshawk
42%
Tawny owl
42%
Common buzzard
40%
Kestrel
40%
Red kite
40%
Hen harrier
33%
Merlin
23%
Secretary bird
21%
Caracara
18%
Hobby
14%
No matching quizzes found
Score Distribution
Percent of People with Each Score
Percentile by Number Answered
Your Score History
You have not taken this quiz